Statistics for Name the 31 Baskin Robbins Flavours

Click here to take the quiz!

General Stats

  • This quiz has been taken 23 times
  • The average score is 7 of 31

Answer Stats

Flavours% Correct
Chocolate
90%
Vanilla
90%
Strawberry
85%
Coffee
55%
Chocolate Chip
50%
Rocky Road
45%
French Vanilla
35%
Peach
25%
Chocolate Fudge
20%
Chocolate Mint
20%
Eggnog
15%
Lemon Sherbet
15%
Orange Sherbet
15%
Black Walnut
10%
Butterscotch Ribbon
10%
Chocolate Almond
10%
Chocolate Ribbon
10%
Coffee Candy
10%
Maple Nut
10%
Peppermint Stick
10%
Raspberry Sherbet
10%
Banana Nut Fudge
5%
Burgundy Cherry
5%
Cherry Macaroon
5%
Date Nut
5%
Green Mint Stick
5%
Lemon Crisp
5%
Lemon Custard
5%
Peppermint Fudge Ribbon
5%
Pineapple Sherbet
5%
Vanilla Burnt Almond
5%

Score Distribution

Percentile by Number Answered

Percent of People with Each Score

Your Score History

You have not taken this quiz